000
00304nam a2200133Ia 4500
008
190216s9999||||xx |||||||||||||| ||und||
100
_a
Paulson. Ed
245
0
_a
Learn Corel Draw In A Day`
250
_a
1st Ed.
260
_b
Bpb Publications
_c
1992
300
_a
124
650
_a
Computer
942
_c
BK
999
_c
8598
_d
8598